Fraude digital y contra medios de pago : defraudaciones mediante phishing, bizum, criptoactivos, tokens y otros medios de pago /

Kaydedildi:
Detaylı Bibliyografya
Diğer Yazarlar: Cartelle Toimil, Carolina (directora.), Alonso Madrigal, Francisco Javier (Tönetmen), Fayos Cobos, Cristino (Tönetmen), Cuesta Cabot, Gerardo (Tönetmen), Ordóñez Riaño, Aida (coordinadora.)
Materyal Türü: Ekitap
Dil:İspanyolca
Baskı/Yayın Bilgisi: Madrid : La Ley Soluciones Legales, 2024.
Edisyon:14a edición.
Seri Bilgileri:Cátedra Deloitte Legal de Tributación Empresarial.
Konular:
Online Erişim:https://elibro.unach.elogim.com/es/lc/unach/titulos/277821
Etiketler: Etiketle
Etiket eklenmemiş, İlk siz ekleyin!

MARC

LEADER 00000nam a2200000 i 4500
001 ELB277821
003 FINmELB
005 20210121174525.0
006 m o d |
007 cr cn|||||||||
008 241224s2024 sp ob 001 0 spa d
017 |a M-24170-2024  |b España 
020 |a 9788499548869  |q (print) 
020 |a 9788499548876  |q (e-book) 
035 |a (OCoLC)1487665600 
040 |a FINmELB  |b spa  |e rda  |c FINmELB 
050 4 |a K235  |b F845 2024 
080 |a 34 
082 0 4 |a 340  |2 23 
245 0 0 |a Fraude digital y contra medios de pago :  |b defraudaciones mediante phishing, bizum, criptoactivos, tokens y otros medios de pago /  |c Carolina Cartelle Toimil, Francisco Javier Alonso Madrigal, Cristino Fayos Cobos, Gerardo Cuesta Cabot (directores) ; Aida Ordóñez Riaño, Alfonso Del Río Moreno, Carlota Rosanas López, Elisa Martín del Yerro Díaz, Ignacio Martín de la Fuente, Jaime Gutiérrez Losada, Javier Hernández Guerra, Alejandra Puig Ruano, Bernardo Misle Mogollón, Carolina Cartelle Toimil, Guillem Nadal Benavent, Inés Meana Rodríguez, Jaime Rodríguez Correa, Jon Arrarte Lopategui, Jose Antonio del Valle Morilla, Lucía Fuente Brey, María Belén del Valle, Alonso de Lomas, Pablo Álvarez Arranz, Vicente Limonge Garzando, Juan Manuel García Rojas, Marcia Fernández Martínez, María Encarnación Laguna García, Pedro Gil-Casares Gasset (coordinadores). 
250 |a 14a edición. 
264 1 |a Madrid :  |b La Ley Soluciones Legales,  |c 2024. 
300 |a 1 recurso en línea (512 páginas) 
336 |a texto  |b txt  |2 rdacontent/spa 
337 |a computadora  |b c  |2 rdamedia/spa 
338 |a recurso en línea  |b cr  |2 rdacarrier/spa 
490 1 |a Cátedra Deloitte Legal de Tributación Empresarial 
500 |a Incluye anexos. 
500 |a Incluye índice. 
504 |a Incluye bibliografía. 
588 |a Descripción basada en metadatos suministrados por el editor y otras fuentes. 
590 |a Recurso electrónico. Santa Fe, Arg.: elibro, 2025. Disponible vía World Wide Web. El acceso puede estar limitado para las bibliotecas afiliadas a elibro. 
650 4 |a Derecho. 
650 4 |a Jurisprudencia. 
655 4 |a Libros electrónicos. 
700 1 |a Cartelle Toimil, Carolina,  |e directora. 
700 1 |a Alonso Madrigal, Francisco Javier,  |e director. 
700 1 |a Fayos Cobos, Cristino,  |e director. 
700 1 |a Cuesta Cabot, Gerardo,  |e director. 
700 1 |a Ordóñez Riaño, Aida,  |e coordinadora. 
797 2 |a elibro, Corp. 
830 0 |a Cátedra Deloitte Legal de Tributación Empresarial. 
856 4 0 |u https://elibro.unach.elogim.com/es/lc/unach/titulos/277821